|
|
|
|
| LEADER |
00000cam a2200000 7i4500 |
| 001 |
0000003848 |
| 005 |
20151222.0 |
| 008 |
070720 |
| 020 |
|
|
|a 0746047673
|
| 090 |
0 |
0 |
|a JF
|b ENG
|
| 245 |
1 |
0 |
|a Stories from around the world
|c retold by Heather Amery; illustrated by Linda Edwards
|
| 250 |
|
|
|a Usborne miniature editions
|
| 260 |
|
|
|a London :
|b Usborne ,
|c 2000
|
| 440 |
|
|
|a Usborne
|
| 500 |
|
|
|a Children ages 10-12 years old (pink)
|
| 650 |
|
0 |
|a Classic tale
|
| 650 |
|
0 |
|a Junior fiction
|x English
|x Languages
|
| 700 |
1 |
|
|a Amery, Heather
|
| 999 |
|
|
|a 0000973815
|b Book
|c Children Collection
|e Cawangan Pontian
|
| 999 |
|
|
|a 0000973816
|b Book
|c Children Collection
|e Cawangan Pontian
|
| 999 |
|
|
|a 0000973817
|b Book
|c Children Collection
|e Cawangan Bandar Penawar
|